[Event "Online Olym Div4 C"]
[Site "Chess.com INT"]
[Date "2020.08.01"]
[Round "5.3"]
[White "Simwaba, Anne"]
[Black "Nagib Tanyous, Elizabeth Emile"]
[Result "0-1"]
[WhiteElo "1272"]
[BlackElo "1472"]
[PlyCount "100"]
[EventDate "2020.07.31"]
[EventType "team-tourn (rapid)"]
[EventRounds "9"]
[EventCountry "USA"]
[SourceTitle "CBM 198"]
[Source "ChessBase"]
[SourceDate "2020.10.31"]
[SourceVersion "1"]
[SourceVersionDate "2020.10.31"]
[SourceQuality "1"]
[WhiteTeam "Malawi"]
[BlackTeam "Sudan"]
[WhiteTeamCountry "MWI"]
[BlackTeamCountry "SUD"]

1. e4 d6 2. Nf3 Nf6 3. Nc3 Nbd7 4. d4 c6 5. Be2 Qc7 6. Bg5 e5 7. 0-0 Be7 8. Bxf6 Bxf6 9. d5 h6 10. h3 Nf8 11. a4 Bd7 12. Qd3 Ng6 13. b3 Qc8 14. Nh2 Bxh3 15. Qxh3 Nf4 16. Qxc8+ Rxc8 17. Bg4 Rc7 18. Rad1 Be7 19. g3 Ng6 20. dxc6 bxc6 21. f4 f6 22. Ne2 h5 23. Bf5 Nf8 24. Bh3 Nd7 25. Bxd7+ Rxd7 26. c4 a5 27. fxe5 dxe5 28. Rxd7 Kxd7 29. Rd1+ Kc7 30. Nf3 Bc5+ 31. Kg2 Rb8 32. Rd3 g5 33. Nh2 Rh8 34. Kh3 g4+ 35. Kg2 Rb8 36. Nf1 Rf8 37. Ng1 f5 38. exf5 Rxf5 39. Ne3 Rf6 40. Ne2 e4 41. Rc3 Bb4 42. Rc2 Bc5 43. Rc3 Kd6 44. Nf4 Rf5 45. Nxf5+ Ke5 46. Nxh5 Kxf5 47. Kf1 Ke5 48. Ke2 Kd4 49. Rc1 Ke5 50. Ng7 Kf6 0-1

[Event "Online Olym Div4 C"]
[Site "Chess.com INT"]
[Date "2020.07.31"]
[Round "1.1"]
[White "Nagib Tanyous, Elizabeth Emile"]
[Black "Tchouateu, Tankeu Stephanie"]
[Result "1-0"]
[WhiteElo "1472"]
[BlackElo "1280"]
[PlyCount "71"]
[EventDate "2020.07.31"]
[EventType "team-tourn (rapid)"]
[EventRounds "9"]
[EventCountry "USA"]
[SourceTitle "CBM 198"]
[Source "ChessBase"]
[SourceDate "2020.10.31"]
[SourceVersion "1"]
[SourceVersionDate "2020.10.31"]
[SourceQuality "1"]
[WhiteTeam "Sudan"]
[BlackTeam "Cameroon"]
[WhiteTeamCountry "SUD"]
[BlackTeamCountry "CAM"]

1. c4 e5 2. Nc3 Nf6 3. g3 g6 4. Bg2 Bg7 5. e4 d6 6. d3 Nc6 7. Nge2 0-0 8. Bg5 Be6 9. a3 Qe8 10. Be3 h6 11. 0-0 Ng4 12. Bd2 Nd4 13. Nxd4 exd4 14. Nd5 Bxd5 15. Qxg4 Be6 16. Qd1 c5 17. Bf4 Rd8 18. Re1 f6 19. Qc1 g5 20. Bd2 f5 21. exf5 Rxf5 22. Bd5 Qf7 23. Bxe6 Qxe6 24. Rxe6 b6 25. Qe1 Kh7 26. Qe4 Rdf8 27. Rf1 Kh8 28. Re8 Rxe8 29. Qxe8+ Kh7 30. Qe4 d5 31. cxd5 Kh8 32. Qxf5 Kg8 33. Re1 Bf8 34. Qg6+ Kh8 35. Re8 a6 36. Rxf8# 1-0